| 000 | 01630nam a2200445 i 4500 | ||
|---|---|---|---|
| 001 | 9246 | ||
| 003 | KOSZ 005 | ||
| 005 | 20191002090803.0 | ||
| 008 | 070904s1966 pl a f 000 0 pol | ||
| 015 | _aPB 1967/144 | ||
| 035 | _a(PL-WaBN)b19761326-48omnis_nlop | ||
| 035 | _ab19761326 | ||
| 035 | _a(OCoLC)749415341 | ||
| 035 | _a(PL)b0000019761326 | ||
| 040 |
_aWA N _cWA N _dKOSZ 005/RW |
||
| 041 | 1 |
_apol _heng |
|
| 046 | _k1963 | ||
| 080 | _a159.9 | ||
| 100 | 1 |
_aWoodworth, Robert Sessions _d(1869-1962). _eAutor |
|
| 245 | 1 | 0 |
_aPsychologia eksperymentalna. _nT. 1 / _cRobert S. Woodworth, Harold Schlosberg ; [tłumaczenie Andrzej Lewicki, Egon Vielrose]. |
| 246 | 1 |
_iTytuł oryginału: _aExperimental psychology |
|
| 250 | _aWydanie 2. | ||
| 260 |
_aWarszawa : _bPaństwowe Wydawnictwo Naukowe, _c1966. |
||
| 300 |
_a767, [1] stron : _bilustracje ; _c25 cm. |
||
| 336 |
_aTekst _btxt _2rdacontent |
||
| 337 |
_aBez urządzenia pośredniczącego _bn _2rdamedia |
||
| 338 |
_aWolumin _bnc _2rdacarrier |
||
| 380 | _aKsiążki | ||
| 388 | _a1901-2000 | ||
| 658 | _aPsychologia | ||
| 650 | 7 |
_aPsychologia _2DBN |
|
| 655 | 7 |
_aPodręcznik _2DBN |
|
| 700 | 1 |
_aLewicki, Andrzej _d(1910-1972). _eTłumaczenie |
|
| 700 | 1 |
_aSchlosberg, Harold _d(1900-1964) _eAutor |
|
| 700 | 1 |
_aVielrose, Egon _d(1907-1984) _eTłumaczenie |
|
| 710 | 2 |
_aPaństwowe Wydawnictwo Naukowe _4pbl. |
|
| 856 |
_uhttp://koha.tu.koszalin.pl/cgi-bin/koha/opac-detail.pl?biblionumber=9246 _yKatalog online BPK |
||
| 942 |
_2UKD _cKS |
||
| 999 |
_c9246 _d9246 |
||